LIBRARY ONLINE CATALOGUE

Strategic management in action / (Record no. 8850)

MARC details
000 -LEADER
fixed length control field 00587nam a22002052 4500
001 - CONTROL NUMBER
control field 0000019162
005 - DATE AND TIME OF LATEST TRANSACTION
control field 20151217152147.0
008 - FIXED-LENGTH DATA ELEMENTS--GENERAL INFORMATION
fixed length control field 101018s xx 000 0 eng d
020 ## - INTERNATIONAL STANDARD BOOK NUMBER
International Standard Book Number 0137042868 :
040 ## - CATALOGING SOURCE
Original cataloging agency KABU
Transcribing agency KABU
100 1# - MAIN ENTRY--PERSONAL NAME
Personal name Coulter, Mary.
-- 0000157046
245 10 - TITLE STATEMENT
Title Strategic management in action /
Statement of responsibility, etc. Mary Coulter.
250 ## - EDITION STATEMENT
Edition statement 5th ed.
260 ## - PUBLICATION, DISTRIBUTION, ETC. (IMPRINT)
Place of publication, distribution, etc. Boston :
Name of publisher, distributor, etc. Prentice Hall,
Date of publication, distribution, etc. 2010.
300 ## - PHYSICAL DESCRIPTION
Extent xix, 311 p.
650 #0 - SUBJECT ADDED ENTRY--TOPICAL TERM
Topical term or geographic name as entry element Strategic planning.
-- 0000150576
852 1# - LOCATION
-- p4678.70 KES
908 ## - PUT COMMAND PARAMETER (RLIN)
Put command parameter 101018
950 ## - LOCAL HOLDINGS (RLIN)
-- 1
Holdings
Withdrawn status Lost status Source of classification or shelving scheme Not for loan Home library Current library Date acquired Total Checkouts Full call number Barcode Date last seen Price effective from Koha item type
    Library of Congress Classification   Kabarak, Main Campus Kabarak, Main Campus 17/12/2015   HD30.28 .C68 2010 c. 1 23712 02/08/2024 17/12/2015 General Collection